Richest Animals - Statistics

General Stats
  • This quiz has been taken 10 times
  • The average score is 1 of 12
Answer Stats
Worth Answer % Correct
$99M Grumpy Cat
100%
$97M Olivia Benson
17%
$12.5M Blackie
0%
$200M Choupette
0%
$12.3M Conchita
0%
$1.3M Flossie
0%
$15M Gigoo
0%
$200M Gunther IV
0%
$5M Lulu
0%
$1.26M Tinker
0%
$13M Tommaso
0%
$2M Trouble
0%
No matching quizzes found
Score Distribution
Percent of People with Each Score
Percentile by Number Answered
Your Score History
You have not taken this quiz